000 00773nam a22002171i 4500
001 000030458
003 RuMoIPM
005 20260430124316.0
008 130115s1974----ru | c rus
040 _aRuMoIPM
_brus
_ercr
041 0 _arus
044 _aru
080 _a51-8
100 1 _aПерельман, Яков Исидорович
245 1 _aЖивая математика
_bМатематические рассказы и головоломки
_cЯ. И. Перельман ; Под ред. и с доп. В. Г. Болтянского
250 _a10-е изд., стер.
260 _aМосква
_bНаука
_c1974
300 _a160 с.
_bил.
700 1 _aБолтянский, Владимир Григорьевич
_eред.
942 _cBK
999 _c30458
_d30458